000 00824nam a2200229Ia 4500
003 OSt
005 20220923222354.0
006 a|||||r|||| 00| 0
007 ta
008 220922b |||||||| |||| 00| 0 hin d
024 _a204,700
037 _cTextual
040 _aARTS
_cARTS
_bhin
041 _2hin
_ahin
082 _aO157:3M61:38, 152H8;L3
100 _aठाकुर, रवीन्द्रनाथ; बिहारी, विपिन, अनु.
245 0 _aअंतिम कविता
246 _aAantim kavitā
260 _aदिल्ली
_b प्रभात प्रका0
_c1973
942 _hO157:3M61:38, 152H8;L3
_cTEXL
_2CC
999 _c355448
_d355448